Obras completas.
Збережено в:
| Автор: | |
|---|---|
| Формат: | Книга |
| Опубліковано: |
Madrid, España:
Aguilar,
1960.
|
| Редагування: | Segunda edición. |
| Предмети: | |
| Теги: |
Додати тег
Немає тегів, Будьте першим, хто поставить тег для цього запису!
|
MARC
| LEADER | 00000nam a22000007a 4500 | ||
|---|---|---|---|
| 003 | CL-VaPUC | ||
| 005 | 20220822114534.0 | ||
| 008 | 220701t1960 ||||| |||| 00| 0 eng d | ||
| 999 | |c 436586 |d 436584 | ||
| 040 | |c Pontificia Universidad Católica de Valparaíso | ||
| 082 | 7 | |a 868 GRA 1960 |2 22 | |
| 100 | |a Gracián, Baltasar |9 378672 |e autor | ||
| 245 | |a Obras completas. | ||
| 250 | |a Segunda edición. | ||
| 260 | |a Madrid, España: |b Aguilar, |c 1960. | ||
| 300 | |a 1319 páginas. | ||
| 500 | |a c.1 Donación Familia Prof. Alejandro Guzmán Brito. | ||
| 505 | |a Estudio preliminar. El héroe. El político. El discreto. Oráculo manual. Agudeza y arte de ingenio. El criticón. Escritos varios. Epistolario. Apéndice. Arte de ingenio. | ||
| 583 | |c 20220701 |k Cristina María Rojas Aguilar | ||
| 650 | |a Escritos varios españoles |9 871941 | ||
| 650 | |a Novelas españolas |9 265052 | ||
| 650 | |a Prosa española |9 321304 | ||
| 942 | |2 ddc |c BK |n 0 | ||
| 952 | |0 0 |1 0 |2 ddc |4 0 |6 868_000000000000000_GRA_1960 |7 0 |8 C_AGB |9 584261 |a BIBDER |b BIBDER |d 2022-07-01 |e Donación |i 5652364 |o 868 GRA 1960 |p 5652364 |r 2023-01-25 |t 1 |w 2022-07-01 |y BK_US |k AGB | ||